Punitive damages, multiple damages und deutscher ordre public: unter besonderer Berücksichtigung des RICO-Act
| Main Author: | |
|---|---|
| Format: | Print Book |
| Language: | German |
| Published: |
Tübingen
Mohr Siebeck
1999
|
| In: |
Studien zum ausländischen und internationalen Privatrecht (70)
Year: 1999 |
| Online Access: |
Table of Contents Table of Contents |
| Check availability: | HBZ Gateway |
| Subito Delivery Service: | Order now. |
| Keywords: |
MARC
| LEADER | 00000cam a2200000 c 4500 | ||
|---|---|---|---|
| 001 | 254668798 | ||
| 003 | DE-627 | ||
| 005 | 20260206194949.0 | ||
| 007 | tu | ||
| 008 | 990212s1999 gw ||||| m 00| ||ger c | ||
| 015 | |a 99,N08,0249 |2 dnb | ||
| 015 | |a 99,A26,0481 |2 dnb | ||
| 016 | 7 | |a 955639964 |2 DE-101 | |
| 020 | |a 3161471172 |c : DM 68.00, sfr 62.00, S 496.00 (brosch.) |9 3-16-147117-2 | ||
| 035 | |a (DE-627)254668798 | ||
| 035 | |a (DE-603)061462942 | ||
| 035 | |a (DE-576)074577166 | ||
| 035 | |a (DE-599)GBV254668798 | ||
| 035 | |a (OCoLC)237341871 | ||
| 035 | |a (OCoLC)44110717 | ||
| 040 | |a DE-627 |b ger |c DE-627 |e rakwb | ||
| 041 | |a ger | ||
| 044 | |c XA-DE |c XD-US | ||
| 050 | 0 | |a KK1627 | |
| 082 | 0 | |a 347.077/0943 |q OCLC |2 21 | |
| 084 | |a 19 |2 sdnb | ||
| 084 | |a PU 5340 |2 rvk |0 (DE-625)rvk/140632: | ||
| 084 | |a PT 515 |2 rvk |0 (DE-625)rvk/139908: | ||
| 084 | |a 86.30 |2 bkl | ||
| 084 | |a 86.10 |2 bkl | ||
| 100 | 1 | |a Brockmeier, Dirk |d 1966- |0 (DE-588)12094197X |0 (DE-627)080983545 |0 (DE-576)180696475 |4 aut | |
| 109 | |a Brockmeier, Dirk 1966- | ||
| 245 | 1 | 0 | |a Punitive damages, multiple damages und deutscher ordre public |b unter besonderer Berücksichtigung des RICO-Act |c Dirk Brockmeier |
| 264 | 1 | |a Tübingen |b Mohr Siebeck |c 1999 | |
| 300 | |a XXIII, 229 S. | ||
| 336 | |a Text |b txt |2 rdacontent | ||
| 337 | |a ohne Hilfsmittel zu benutzen |b n |2 rdamedia | ||
| 338 | |a Band |b nc |2 rdacarrier | ||
| 490 | 1 | |a Studien zum ausländischen und internationalen Privatrecht |v 70 | |
| 502 | |a Zugl.: Hamburg, Univ., Diss., 1998-1999 | ||
| 583 | 1 | |a Archivierung/Langzeitarchivierung gewährleistet |f PEBW |x XA-DE-BW |2 pdager |5 DE-24 | |
| 583 | 1 | |a Archivierung prüfen |c 20240324 |f DE-4165 |z 2 |2 pdager | |
| 653 | 0 | |a Exemplary damages |a Germany | |
| 653 | 0 | |a Damages |a Germany | |
| 653 | 0 | |a Public policy (Law) |a Germany | |
| 655 | 7 | |a Hochschulschrift |0 (DE-588)4113937-9 |0 (DE-627)105825778 |0 (DE-576)209480580 |2 gnd-content | |
| 689 | 0 | 0 | |d g |0 (DE-588)4011882-4 |0 (DE-627)104704861 |0 (DE-576)208896155 |a Deutschland |2 gnd |
| 689 | 0 | 1 | |d s |0 (DE-588)4130689-2 |0 (DE-627)105700657 |0 (DE-576)209621095 |a Ordre public |2 gnd |
| 689 | 0 | 2 | |d s |0 (DE-588)4307307-4 |0 (DE-627)123219035 |0 (DE-576)211095826 |a Punitive damages |2 gnd |
| 689 | 0 | 3 | |d g |0 (DE-588)4078704-7 |0 (DE-627)106076612 |0 (DE-576)209209682 |a USA |2 gnd |
| 689 | 0 | |5 DE-101 | |
| 751 | |a Hamburg |0 (DE-588)4023118-5 |0 (DE-627)106305433 |0 (DE-576)20894754X |4 uvp | ||
| 830 | 0 | |a Studien zum ausländischen und internationalen Privatrecht |v 70 |9 70 |w (DE-627)130294934 |w (DE-576)015873617 |w (DE-600)577868-2 |x 0720-1141 |7 am | |
| 856 | 4 | 2 | |u https://swbplus.bsz-bw.de/bsz074577166inh.htm |m B:DE-576;DE-B212 |q application/pdf |v 20090305085212 |x Verlag |3 Inhaltsverzeichnis |7 1 |
| 856 | 4 | 2 | |u http://scans.hebis.de/HEBCGI/show.pl?06146294_toc.pdf |m V:DE-576;B:DE-B212 |q application/pdf |3 Inhaltsverzeichnis |7 1 |
| 889 | |w (DE-627)293021562 | ||
| 935 | |i Blocktest | ||
| 935 | |h HEB |i 0501 | ||
| 935 | |h HEB |i 0503 | ||
| 936 | r | v | |a PU 5340 |b Torts, Products Liability, Negligence |k Rechtswissenschaft |k Ausländisches Privatrecht, Privatrechtsvergleichung und -vereinheitlichung |k Einzelne Länder |k USA |k Torts, Products Liability, Negligence |0 (DE-627)1271320053 |0 (DE-625)rvk/140632: |0 (DE-576)201320053 |
| 936 | r | v | |a PT 515 |b Einzeldarstellungen |k Rechtswissenschaft |k Internationales Privatrecht |k Einzelne Länder |k USA |k Einzeldarstellungen |0 (DE-627)1271437996 |0 (DE-625)rvk/139908: |0 (DE-576)201437996 |
| 936 | b | k | |a 86.30 |j Internationales Privatrecht |0 (DE-627)106413554 |
| 936 | b | k | |a 86.10 |j Recht einzelner Länder, Gebiete und Völker |0 (DE-627)106422499 |
| 936 | s | n | |a p100 |2 mzub |
| 951 | |a BO | ||
| ELC | |b 1 | ||
| LOK | |0 000 xxxxxcx a22 zn 4500 | ||
| LOK | |0 001 3079935608 | ||
| LOK | |0 003 DE-627 | ||
| LOK | |0 004 254668798 | ||
| LOK | |0 005 20151116135720 | ||
| LOK | |0 008 150728||||||||||||||||ger||||||| | ||
| LOK | |0 035 |a (DE-21-110)kd60880 | ||
| LOK | |0 040 |a DE-21-110 |c DE-627 |d DE-21-110 | ||
| LOK | |0 689 |a s |a Ladendiebstahl | ||
| LOK | |0 689 |a s |a Vereinsstrafen | ||
| LOK | |0 689 |a s |a Schmerzensgeld | ||
| LOK | |0 689 |a s |a Betriebsgerichtsbarkeit | ||
| LOK | |0 689 |a s |a RICO-Gesetzgebung | ||
| LOK | |0 689 |a s |a Punitive Damages | ||
| LOK | |0 689 |a s |a Deliktsrecht | ||
| LOK | |0 689 |a s |a Pönale Elemente | ||
| LOK | |0 689 |a s |a Deutsch-Amerikanischer Vergleich | ||
| LOK | |0 689 |a s |a Deliktshaftung | ||
| LOK | |0 689 |a s |a Privatstrafen | ||
| LOK | |0 689 |a s |a Vertragsstrafen | ||
| LOK | |0 689 |a s |a Fangprämien | ||
| LOK | |0 689 |a s |a USA | ||
| LOK | |0 689 |a s |a Persönlichkeitsrecht | ||
| LOK | |0 689 |a s |a Rechtsgeschichte | ||
| LOK | |0 852 |z Kein Bestand am IfK; Nachweis für KrimDok | ||
| LOK | |0 852 |a DE-21-110 | ||
| LOK | |0 852 1 |9 00 | ||
| LOK | |0 935 |a k110 | ||
| LOK | |0 939 |a 28-07-15 |b l01 | ||
| ORI | |a SA-MARC-krimdoka001.raw | ||
| TIM | |a 100019901003_100020261231 |b 1990-10-03 - 2026 | ||
